Diseño de una herramienta informática para el análisis de la estabilidad de taludes en roca
Gorde:
| Egile nagusia: | |
|---|---|
| Formatua: | Liburua |
| Argitaratua: |
[San José], Costa Rica
2014
|
| Gaiak: | |
| Etiketak: |
Etiketa erantsi
Etiketarik gabe, Izan zaitez lehena erregistro honi etiketa jartzen!
|
MARC
| LEADER | 00000nam a22000007a 4500 | ||
|---|---|---|---|
| 003 | 012020 | ||
| 005 | 20221231143856.0 | ||
| 008 | 150220b2014 cr a ||| |||| 00| ||s d | ||
| 040 | |c cru CEDI | ||
| 090 | |a TFG 7186 | ||
| 100 | |9 216 |a Quesada Palma, Juan Pablo. | ||
| 245 | |a Diseño de una herramienta informática para el análisis de la estabilidad de taludes en roca | ||
| 260 | |a [San José], Costa Rica |c 2014 | ||
| 500 | |a Proyecto de graduación (licenciatura en ingeniería civil)--Universidad de Costa Rica. Facultad de Ingeniería. Escuela de Ingeniería Civil | ||
| 650 | |x TALUDES ROCOSOS - ANALISIS - PROGRAMAS PARA COMPUTADORA |x ESTABILIZACION DE SUELOS - MEDICIONES |x TALUDES ROCOSOS - MEDICIONES - METODOS |x MECANICA DE ROCAS |9 217 | ||
| 942 | |c TFG | ||
| 999 | |c 13593 |d 13593 | ||
